000 00753nac a22001931u 4500
020 _a1928994741 (pbk.)
082 _a005.8
_bS599
090 _c563
_d563
100 _a20080729
245 _aCheckpoint NG :
_bnext generation security adminstration/
_cDrew Simonis ... [et al.] ; Cherie Amon, technical editor ; Allen Keele, technical reviewer.
260 _aLondon :
_b International Thomson,
_cc2002.
300 _axxviii, 627 p. :
_bill. ;
_c24 cm.
500 _aIncludes index.
650 _aComputer security.
700 _aSimonis, Drew.
700 _aAmon, Cherie.
942 _cBB
_k005.8S599
999 _c563
_d563